Canadian Football League Teams - Statistics

General Stats
  • This quiz has been taken 10 times
  • The average score is 9 of 21
Answer Stats
Years Active Answer % Correct
1876-1996 Ottawa Rough Riders
88%
1910-Present Saskatchewan Roughriders
88%
1873-Present Toronto Argonauts
88%
1954-Present British Columbia Lions
75%
1945-Present Calgary Stampeders
75%
1869 (Founded)1950-Present (Merged) Hamilton Tiger Cats
75%
1949-Present Edmonton Elks (Eskimos)
63%
1930-Present Winnipeg Blue Bombers
63%
2014-Present Ottawa Red Blacks
50%
1946-19811986-1987 1996-Present Montreal Alouettes
38%
1994-1995 Baltimore Stallions
25%
1982-1985 Montreal Concordes
25%
1993-1995 Sacramento Gold Miners
25%
1982-1983 (did not play)2018-2023 (did not play) Atlantic Schooners
13%
1995 Birmingham Barracudas
13%
1994 Las Vegas Posse
13%
1995 Memphis Mad Dogs
13%
1996 (did not play) Miami Manatees
13%
2002-2008 Ottawa Renegades
13%
1993-1995 San Antonio Texans
13%
1994-1995 Shreveport Pirates
13%
No matching quizzes found
Score Distribution
Percent of People with Each Score
Percentile by Number Answered
Your Score History
You have not taken this quiz